Overview of a production scale animal cell suspension culture system
Đã lưu trong:
| 格式: | 图书 |
|---|---|
| 语言: | Undetermined |
| 出版: |
[London]
Research And Development Department
[1956..]
|
| 主题: | |
| 标签: |
添加标签
没有标签, 成为第一个标记此记录!
|
| Thư viện lưu trữ: | Trung tâm Học liệu Trường Đại học Cần Thơ |
|---|
| LEADER | 00463nam a2200157Ia 4500 | ||
|---|---|---|---|
| 001 | CTU_85189 | ||
| 008 | 210402s9999 xx 000 0 und d | ||
| 082 | |a 591 | ||
| 082 | |b O.96 | ||
| 245 | 0 | |a Overview of a production scale animal cell suspension culture system | |
| 260 | |a [London] | ||
| 260 | |b Research And Development Department | ||
| 260 | |c [1956..] | ||
| 650 | |a Cell culture | ||
| 904 | |i Năm | ||
| 980 | |a Trung tâm Học liệu Trường Đại học Cần Thơ | ||